The Soviet Army, 1939-1980 : a guide to sources in English /

Bibliographic Details
Main Author: Smith, Myron J.
Format: Book
Language:English
Published: Santa Barbara, Calif. : ABC-Clio, [1982]
Series:War/peace bibliography series ; no. 11.
Subjects:

MARC

Tag First Indicator Second Indicator Subfields
LEADER 00000cam a22000008a 4500
001 in00000095499
005 20150923173619.0
008 820322s1982 cau b 00110 eng
010 |a  82004107  
020 |a 0874363071 :  |c $26.25 
035 |a (OCoLC)08346085 
035 |9 AAK8142AM 
040 |a DLC  |c DLC  |d TXA  |d UtOrBLW 
043 |a e-ur--- 
049 |a TXAM  |c 1 [1806089]  |a TXAS [mil]  |c 2 
050 0 0 |a Z6725.S68  |b S54 1982 
082 0 |a 016.355/00947  |2 19 
090 |a UA772  |b .S64 1982 
100 1 |a Smith, Myron J. 
245 1 4 |a The Soviet Army, 1939-1980 :  |b a guide to sources in English /  |c Myron J. Smith, Jr. ; with a historical introduction by John Erickson. 
264 1 |a Santa Barbara, Calif. :  |b ABC-Clio,  |c [1982] 
264 4 |c ©1982 
300 |a lvii, 551 pages ;  |c 24 cm. 
336 |a text  |b txt  |2 rdacontent 
337 |a unmediated  |b n  |2 rdamedia 
338 |a volume  |b nc  |2 rdacarrier 
490 1 |a The War/peace bibliography series ;  |v #11 
500 |a One copy from the Library of the Hazard Reduction and Recovery Center (HRRC). 
500 |a Includes index. 
610 1 0 |a Soviet Union.  |b Armii︠a︡  |x Bibliography. 
651 0 |a Soviet Union  |x Military policy  |x Bibliography. 
651 0 |a Soviet Union  |x History, Military  |x Bibliography. 
830 0 |a War/peace bibliography series ;  |v no. 11. 
949 |a updated  |b h  |c 2002/6/19  |e kweimer  |f 1:21:44 pm 
999 |a MARS 
999 f f |s 89faceb6-45bd-36a6-94b6-5d8e0027191e  |i 8de1b5bc-8fff-3afc-a1e2-a7fbfa7e3077  |t 0 
952 f f |p ric  |a Texas A&M University  |b Rellis Campus  |c Joint Library Facility  |d Remote Storage  |t 0  |e UA772 .S64 1982  |h Library of Congress classification  |i unmediated -- volume  |m A14806028485 
952 f f |p noncirc  |a Texas A&M University  |b College Station  |c Cushing Memorial Library & Archives  |d Cushing: Ragan Military (Does not check out)  |t 0  |e UA772 .S64 1982  |h Library of Congress classification  |i unmediated -- volume 
998 f f |a UA772 .S64 1982  |t 0  |l Remote Storage 
998 f f |a UA772 .S64 1982  |t 0  |l Cushing: Ragan Military (Does not check out)